000
00300nam a2200109Ia 4500
008
200302s9999 xx 000 0 und d
100
_a
Philip L. Carpenter
245
_a
Residential Landscaping II Planting and Maintenance
260
_b
P D A Publishers Corporation
260
_c
1983
300
_a
142 P.,
999
_c
5484
_d
5484